Catálogo

Flowers for algernon / (Registro nro. 28039)

Detalles MARC
000 -LEADER
fixed length control field 00924cam a2200301 i 4500
001 - CONTROL NUMBER
control field 28039
003 - CONTROL NUMBER IDENTIFIER
control field Mx-PuUPA
005 - DATE AND TIME OF LATEST TRANSACTION
control field 20250320130503.0
008 - FIXED-LENGTH DATA ELEMENTS--GENERAL INFORMATION
fixed length control field 140415s2004 mau jr 000 f eng d
020 ## - INTERNATIONAL STANDARD BOOK NUMBER
International Standard Book Number 9780156030304
020 ## - INTERNATIONAL STANDARD BOOK NUMBER
International Standard Book Number 0156030306
040 ## - CATALOGING SOURCE
Original cataloging agency Mx-PuUPA
Language of cataloging spa
Transcribing agency Mx-PuUPA
Modifying agency Mx-PuUPA
Description conventions rda
041 0# - LANGUAGE CODE
Language code of text/sound track or separate title eng
100 1# - MAIN ENTRY--PERSONAL NAME
Personal name Keyes, Daniel,
Relator term autor
245 10 - TITLE STATEMENT
Title Flowers for algernon /
Statement of responsibility, etc. Daniel Keyes
264 #1 - PRODUCTION, PUBLICATION, DISTRIBUTION, MANUFACTURE, AND COPYRIGHT NOTICE
Place of production, publication, distribution, manufacture Boston :
Name of producer, publisher, distributor, manufacturer Mariner Books,
Date of production, publication, distribution, manufacture, or copyright notice [2004?]
300 ## - PHYSICAL DESCRIPTION
Extent 311 páginas ;
Dimensions 21 cm
336 ## - CONTENT TYPE
Fuente rdacontent
Content type term texto
Content type code txt
337 ## - MEDIA TYPE
Source rdamedia
Media type term sin medio
Media type code n
338 ## - CARRIER TYPE
Source rdacarrier
Carrier type term volumen
Carrier type code nc
490 0# - SERIES STATEMENT
Series statement Mariner Classics
650 #7 - SUBJECT ADDED ENTRY--TOPICAL TERM
Source of heading or term armarc
Topical term or geographic name entry element Cerebro
General subdivision Cirugía
-- Ficción
650 #7 - SUBJECT ADDED ENTRY--TOPICAL TERM
Source of heading or term armarc
Topical term or geographic name entry element Personas con discapacidad mental
Form subdivision Novela
650 #7 - SUBJECT ADDED ENTRY--TOPICAL TERM
Source of heading or term armarc
Topical term or geographic name entry element Personas superdotadas
Form subdivision Novela
942 ## - ADDED ENTRY ELEMENTS (KOHA)
Source of classification or shelving scheme Dewey Decimal Classification
Koha item type Libro
Classification part 813.54
Item part K44
Existencias
Withdrawn status Lost status Source of classification or shelving scheme Damaged status Not for loan Collection code Home library Current library Shelving location Date acquired Total Checkouts Full call number Barcode Date last seen Price effective from Koha item type Copy number
    Dewey Decimal Classification     General Angelópolis Angelópolis Sala general 17/01/2024   813.54 K44 2004 965000000137 17/01/2024 17/01/2024 Libro  
    Dewey Decimal Classification     General Angelópolis Angelópolis Sala general 20/03/2025   813.54 K44 2004 965000000423 20/03/2025 20/03/2025 Libro Ej.2